00754cam a22002531 45000010008000000030004000080050017000120080041000290100017000700350019000870400028001060420012001340500016001460820011001621100042001732450051002152600021002663000031002874900051003185040026003696500023003957000033004188300049004518368260OSt20170207145726.0750513s1950 nyua b 000 0 eng  a 51002387  a(OCoLC)1329237 aDLCcNNCU-GdOCoLCdDLC apremarc00aNK1510b.N4 a745.432 aMuseum of Modern Art (New York, N.Y.)10aWhat is modern design?cBy Edgar Kaufmann, Jr. aNew Yorkc[1950] a30, [2] p.billus.c26 cm.1 aIts Introductory series to the modern arts,v3 aBibliography: p. [32] 0aIndustrial design.1 aKaufmann, Edgar,d1910-1989. 0aIntroductory series to the modern arts ;v3.